Normal view
MARC view
- Aslam , PC Naseer (TCC-17A)
Entry Personal Name
001 - CONTROL NUMBER
- control field: 131988
003 - CONTROL NUMBER IDENTIFIER
- control field: NUST
005 - DATE AND TIME OF LATEST TRANSACTION
- control field: 20251121174336.0
008 - FIXED-LENGTH DATA ELEMENTS
- fixed length control field: 251121|| aca||aabn | a|a d
040 ## - CATALOGING SOURCE
- Original cataloging agency: NUST
- Transcribing agency: NUST
100 ## - HEADING--PERSONAL NAME
- Personal name: Aslam , PC Naseer (TCC-17A)
670 ## - SOURCE DATA FOUND
- Source citation: Work cat.: (NUST)184038: Aslam , PC Naseer (TCC-17A), Wireless Display system /, 2009
